An introduction to synthesis using organocopper reagents /

Bibliographic Details
Main Author: Posner, Gary H.
Format: Book
Language:English
Published: New York : Wiley, [1980]
Subjects:

MARC

Tag First Indicator Second Indicator Subfields
LEADER 00000pam a2200000 a 4500
001 in00000643113
005 20151015064017.0
008 800327s1980 nyua b 00110 engm
010 |a  80013538  
020 |a 0471695386 :  |c $15.00 (est.) 
035 |a (OCoLC)06196239 
035 |9 ACW2145AM 
040 |a DLC  |c DLC  |d m.c.  |d TXA  |d UtOrBLW 
049 |a TXAM  |c [951286] 
050 0 0 |a QD412.C9  |b P67 
082 0 |a 547/.2 
100 1 |a Posner, Gary H. 
245 1 3 |a An introduction to synthesis using organocopper reagents /  |c Gary H. Posner. 
264 1 |a New York :  |b Wiley,  |c [1980] 
264 4 |c ©1980 
300 |a xvii, 140 pages :  |b illustrations ;  |c 24 cm. 
336 |a text  |b txt  |2 rdacontent 
337 |a unmediated  |b n  |2 rdamedia 
338 |a volume  |b nc  |2 rdacarrier 
500 |a "A Wiley-Interscience publication." 
504 |a Includes bibliographical references and indexes. 
650 0 |a Organocopper compounds. 
650 0 |a Organic compounds  |x Synthesis. 
999 |a MARS 
999 f f |s 3e879838-e82b-371a-8c91-abf1696e738b  |i 0639e8f5-c786-3d4b-871e-443613be326a  |t 0 
952 f f |p ric  |a Texas A&M University  |b Rellis Campus  |c Joint Library Facility  |d Remote Storage  |t 0  |e QD412.C9 P67  |h Library of Congress classification  |i unmediated -- volume  |m A14804704417 
998 f f |a QD412.C9 P67  |t 0  |l Remote Storage